|
|
|
|
| LEADER |
00000nas a2200000 i 4500 |
| 001 |
ssj0001562247 |
| 003 |
WaSeSS |
| 005 |
20200512172242.0 |
| 006 |
m d |
| 007 |
cr n |
| 008 |
141218c20159999enkar p s | a0eng |
| 010 |
|
|
|a 2014203749
|
| 015 |
|
|
|a GBB664065
|2 bnb
|
| 016 |
7 |
|
|a 017700490
|2 Uk
|
| 022 |
|
|
|a 2376-6808
|
| 035 |
|
|
|a (WaSeSS)ssj0001562247
|
| 037 |
|
|
|b Taylor & Francis, 4 Milton Park Place, Abingdon, Oxon, OX14 4RN UK
|
| 040 |
|
|
|a DLC
|b eng
|e pn
|c DLC
|d LND
|d OCLCO
|d OCLCF
|d DLC
|d NLE
|d UKMGB
|d VT2
|d UAB
|d U3W
|d COO
|d DLC
|d WaSeSS
|
| 042 |
|
|
|a pcc
|a nsdp
|
| 050 |
0 |
0 |
|a QH77.T78
|
| 082 |
1 |
0 |
|a 578.7
|2 23
|
| 222 |
|
0 |
|a Neotropical biodiversity
|
| 245 |
0 |
0 |
|a Neotropical biodiversity
|h [electronic resource].
|
| 260 |
|
|
|a Abingdon, Oxon, UK :
|b Taylor & Francis,
|c 2015-
|
| 310 |
|
|
|a Annual
|
| 362 |
1 |
|
|a Began with: Volume 1 (2015).
|
| 506 |
|
|
|a License restrictions may limit access.
|
| 588 |
|
|
|a Description based on: Volume 1 (2015); title from banner (Taylor & Francis website, viewed August 26, 2016).
|
| 588 |
|
|
|a Latest issue consulted: Volume 5, issue 1 (2019); (Taylor & Francis Online, viewed June 28, 2019).
|
| 650 |
|
0 |
|a Biodiversity
|z Tropics
|v Periodicals.
|
| 650 |
|
7 |
|a Biodiversity.
|2 fast
|0 (OCoLC)fst01429860
|
| 651 |
|
7 |
|a Tropics.
|2 fast
|0 (OCoLC)fst01240674
|
| 655 |
|
0 |
|a Electronic journals.
|
| 850 |
|
|
|a DLC
|
| 856 |
4 |
0 |
|z Full text available from Research Library: 12/01/2017 to 12/31/2017
|u https://search.proquest.com/publication/3933398
|
| 856 |
4 |
0 |
|z Full text available from Research Library: 01/01/2019 to present
|u https://search.proquest.com/publication/3933398
|